Normal view
MARC view
- Skorupski, John
Entry Personal Name
001 - CONTROL NUMBER
- control field: 25787
003 - CONTROL NUMBER IDENTIFIER
- control field: IN-BhIIT
005 - DATE AND TIME OF LATEST TRANSACTION
- control field: 20250312162748.0
008 - FIXED-LENGTH DATA ELEMENTS
- fixed length control field: 250312|| aca||aabn | a|a d
040 ## - CATALOGING SOURCE
- Original cataloging agency: IN-BhIIT
- Transcribing agency: IN-BhIIT
100 ## - HEADING--PERSONAL NAME
- Personal name: Skorupski, John
670 ## - SOURCE DATA FOUND
- Source citation: Work cat.: (IN-BhIIT)14671: The Routledge companion to ethics /, 2013.